000 01303cam a22004094i 4500
003 PE-LiUPU
005 20250731173055.0
008 150623s r 000 0 d
035 _a(Sirsi) a24216
040 _aPE-LiUPU
_bspa
_cPE-LiUPU
_erda
082 0 4 _a253.7
_bC23C
_221
100 1 _aHendrix, John,
_eautor.
245 1 0 _aConstituyendose en grupo /
_cJohn Hendrix.
264 1 _a[s.l.] :
_bCasa Bautista de Publicaciones,
_c1972.
300 _a109 páginas ;
_c21 cm.
336 _atext
_2rdacontent
337 _aunmediated
_2rdamedia
338 _avolume
_2rdacarrier
505 0 _aConstituyendose en grupo.
526 _aSEG42
526 _aSEG41
526 _aSEG40
526 _aSEG39
526 _aP94
526 _aP87
526 _aP86
526 _aP85
526 _aP77
526 _aP76
526 _aP35
650 0 4 _aPequeños grupos (Bautistas).
942 _2ddc
_cBOOK
949 _a253.7 C23C
_wDEWEY
_c1
_i48487
_lCCODEBUL1
_mBUL
_p00.00
_r0
_sY
_tBOOK
_u2015-06-24
_xEDUCACION
_zUNKNOWN
_0COMPRA
_o.STAFF. Colección General
596 _a1
999 _a253.7 C23C
_wDEWEY
_c27660
_i48487
_f2021-11-12
_g5
_lCCODEBUL1
_mBUL
_r0
_sY
_tBOOK
_u2015-6-24
_xTEOLOGIA
_zUNKNOWN
_0COMPRA
_o.STAFF. Colección General
_d27660
980 _81
_gALBERTO SANCHEZ Responsable de Automatización